000 00383nam a2200133Ia 4500
005 20260328104315.0
008 260328s9999||||xx |||||||||||||| ||und||
100 _aAlfaro, Alfonso
245 0 _aVoces de tinta dormida :
_b literarios espirituales de Luis Barragán /
_cAlfonso Alfaro
260 _blibros de la Espiral
300 _a90 p.
650 _aLuis Barragan
942 _cBK
999 _c11111
_d11111